Представление документа в формате RUSMARC

ПолеНазваниеЗначение
  Тип записи a
  Библиографический уровень a
001 Контрольный номер RU/CBS_UL/BASE/117e1d887a914f54ba70b45dc101774c
005 Дата корректировки 20240430172746.2
100 Данные общей обработки __
a Данные общей обработки 20240430 ||| 0rusy0189 ca
101 Язык документа 0_
a Язык текста rus
102 Страна публикации __
a Страна публикации RU
200 Заглавие и сведения об ответственности 1_
a Заглавие Некоторые идеи для школьных проектов химико-экологической направленности
e Сведения, относящиеся к заглавию [статья]
f Первые сведения об ответственности Н. Трошанин
300 Общие примечания __
a Общие примечания 16+
461 Уровень набора _0
1 2000
a Магариф
463 Уровень физической единицы _0
1 2000
a № 4
v С. 71-75 : ил.
1 2101
d 2024
1 001RU/CBS_UL/BASE/a0e6a9d454ba41339ab7d6545a9b59c7
606 Тематические рубрики 0_
a Основная рубрика Методика преподавания химии
610 Ключевые слова 0_
a Ключевые слова уроки
610 Ключевые слова 0_
a Ключевые слова уроки по химии
610 Ключевые слова 0_
a Ключевые слова уроки в школе
610 Ключевые слова 0_
a Ключевые слова проектная деятельность
610 Ключевые слова 0_
a Ключевые слова исследовательская деятельность
686 Индексы других классификаций __
2 Код системы rubbk
a Классификационный индекс 74.262.4
700 Автор _1
a Фамилия Трошанин
b Имя (инициалы) Н.
801 Источник записи _0
a Страна RU
b Организация МБУК ЦБС г. Ульяновска
c Дата составления 20240430
g Правила каталогизации RCR
801 Источник записи _1
a Страна RU
b Организация МБУК ЦБС г. Ульяновска
c Дата составления 20240430
g Правила каталогизации RCR
901 Тип документа __
t Тип документа b
w Контрольный № источника RU/CBS_UL/BASE/a0e6a9d454ba41339ab7d6545a9b59c7
909 Создатель записи __
a Создатель записи lib17